000 01024nac a22003017a 4500
001 BR8805426
003 BR-BrBNA
005 20240105120835.0
008 230509b bl.|||m| |||| 00| 0 por d
040 _aBR-BrBNA
_bpor
_cBiblioteca Nacional de Agricultura
072 _aH60
090 _aH60 BR8805426
100 1 _aNunes, L.F.B. de
110 1 _aPrograma Nacional para Aproveitamento de Varzeas Irrigaveis, Brasilia, DF (Brasil);
_98051
110 1 _aServico Nacional de Formacao Profissional Rural, Brasilia, DF (Brasil)
_99371
245 1 _aControle de plantas daninhas em tabuleiros
246 1 _a[Weed control]
260 3 _aBrasilia, DF (Brasil):
_c1987.
300 _a44 p.
490 _aSerie Aprender a Fazer - Servico Nacional de Formacao Profissional Rural (Brazil)
_vno. 23
_x
500 _a87 illus.
650 _aERVA DANINHA
650 _aERRADICACAO
650 _aHERBICIDA
650 _aTECNOLOGIA APROPRIADA
909 _a202312
_bLúcia Elande
_c55
_dLúcia Elande
942 _2AGRIS
_n0
_cMS
999 _c281726
_d281726